书目信息 |
| 题名: |
俄语100句
|
|
| 作者: | 岳永红 , 赵秋艳 编著 | |
| 分册: | ||
| 出版信息: | 上海 上海外语教育出版社 2005.4 |
|
| 页数: | 201页 | |
| 开本: | 19cm | |
| 丛书名: | 外语100句丛书 | |
| 单 册: | ||
| 中图分类: | H359.9 | |
| 科图分类: | ||
| 主题词: | 口语--kou yu , 俄语--e yu--口语 | |
| 电子资源: | ||
| ISBN: | 7-81095-302-8 | |
| 000 | 01044nam0 2200337 450 | |
| 000 | 01073nam0 2200337 450 | |
| 000 | 01036nam0 2200325 450 | |
| 000 | 01019nam0 2200325 450 | |
| 000 | 00982nam 2200313 450 | |
| 001 | CAL 012006001009 | |
| 005 | 20061027163622.28 | |
| 010 | @a7-81095-302-8@dCNY12.00 | |
| 099 | @aCAL 012006001009 | |
| 100 | @a20060830d2005 em y0chiy0120 ea | |
| 101 | 0 | @achi@arus |
| 102 | @aCN@b310000 | |
| 105 | @aa z 000yy | |
| 200 | 1 | @a俄语100句@Ae yu 100 ju@f岳永红, 赵秋艳编著 |
| 210 | @a上海@c上海外语教育出版社@d2005.4 | |
| 215 | @a201页@c图@d19cm | |
| 225 | 2 | @a外语100句丛书@Awai yu 100 ju cong shu |
| 300 | @a青春与世博同行 | |
| 330 | @a本书以全真的情景对话及语言文化背景知识介绍, 提供了交际时需掌握的俄语语言环境及各种礼仪。 | |
| 410 | 0 | @12001 @a外语100句丛书 |
| 606 | 0 | @a口语@Akou yu |
| 606 | 0 | @a俄语@Ae yu@x口语 |
| 690 | @aH359.9@v4 | |
| 701 | 0 | @a岳永红@Ayue yong hong@4编著 |
| 701 | 0 | @a赵秋艳@Azhao qiu yan@4编著 |
| 801 | 0 | @aCN@c20061027 |
| 905 | @a10447@dH359.9@eY952 | |
| 俄语100句/岳永红, 赵秋艳编著.-上海:上海外语教育出版社,2005.4 |
| 201页:图;19cm.-(外语100句丛书) |
| 青春与世博同行 |
| ISBN 7-81095-302-8:CNY12.00 |
| 本书以全真的情景对话及语言文化背景知识介绍, 提供了交际时需掌握的俄语语言环境及各种礼仪。 |
| ● |
| 相关链接 |
|
|
|
正题名:俄语100句
索取号:H359.9/Y952
 
预约/预借
| 序号 | 登录号 | 条形码 | 馆藏地/架位号 | 状态 | 备注 |
| 1 | 631933 | 206319330 | 语言库209/209语言库 123排1列2层/ [索取号:H359.9/Y952] | 在馆 | |
| 2 | 631934 | 206319349 | 语言库209/209语言库 123排1列2层/ [索取号:H359.9/Y952] | 在馆 | |
| 3 | 631935 | 206319358 | 语言库209/209语言库 123排1列2层/ [索取号:H359.9/Y952] | 在馆 |